000 00492nmm a2200169Ia 4500
008 251105s9999||||xx |||||||||||||||||und||
020 _a8497421094
041 _aspa
100 _aWhite, Joseph Blanco
245 0 _aSobre educación
264 _a[Madrid, España] :
_bBiblioteca Nueva,
_c2003
300 _a319 páginas
490 _aMemoria y crítica de la educación: Serie Clásicos
650 _aEducation
856 _uhttps://public.digitaliapublishing.com/a/4950
942 _cCF
999 _c74073
_d74073